Universidades con mayor número de estudiantes de España - Estadísticas

Estadísticas generales
  • Esta prueba ha sido intentada 98 veces
  • La puntuación promedio es 11 de 25
Estadísticas de respuestas
Puesto Nº de estudiantes Respuesta % Correcto
2 72.782 Universidad de Sevilla (US)
85%
16 32.000 Universidad de Alicante (UA)
83%
6 62.089 Universidad de Barcelona (UB)
76%
4 65.789 Universidad de Valencia (UV)
76%
3 69.936 Universidad Complutense de Madrid (UCM)
74%
14 34.404 Universidad de Murcia (UM)
70%
19 28.450 Universidad Politécnica de Valencia (UPV)
70%
12 35.291 Universidad Politécnica de Madrid (UPM)
55%
10 37.166 Universidad Autónoma de Barcelona (UAB)
54%
18 30.258 Universidad Autónoma de Madrid (UAM)
49%
11 35.322 Universidad de Málaga (UMA)
46%
21 27.605 Universidad de Salamanca (USAL)
45%
5 64.557 Universidad de Granada (UGR)
43%
1 189.831 Universidad Nacional de Educación a Distancia (UNED)
40%
7 45.458 Universidad Rey Juan Carlos (URJC)
38%
23 25.289 Universidad Politécnica de Cataluña (UPC)
34%
24 23.468 Universidad de Valladolid (UVA)
31%
17 31.460 Universidad de Castilla-La Mancha (UCLM)
29%
8 43.380 Universidad del País Vasco (UPV - EHU)
23%
15 33.442 Universidad de Zaragoza (UZ - Unizar)
23%
20 28.128 Universidad de Alcalá (UAH)
20%
13 35.000 Universidad Internacional de La Rioja (UNIR)
20%
9 40.700 Universitat Oberta de Catalunya (UOC)
19%
25 23.252 Universidad de La Laguna (ULL)
15%
22 26.500 Universidad Internacional de Valencia (VIU)
4%
No se encontraron pruebas coincidentes
Distribución de puntuación
Porcentaje de gente con cada puntuación
Porcentaje por número respondido
Historial de tus puntuaciones
No has intentado esta prueba.